MARC

LEADER 00000nam0a2200000 4500
001 39943
005 20231101210604.0
035 |a (RuTPU)RU\TPU\book\40822 
090 |a 39943 
100 |a 20020416d1960 k y0rusy50 ca 
101 0 |a rus 
102 |a RU 
105 |a a z 001zy 
200 1 |a Применение математической статистики при анализе вещества  |f В. В. Налимов 
210 |a Москва  |c Физматгиз  |d 1960 
215 |a 431 с.  |c ил. 
225 1 |a Физико-математическая библиотека инженера 
320 |a Библиогр.: с. 401-424. 
606 1 |a Математическая статистика  |x Применение в аналитической химии  |2 stltpush  |3 (RuTPU)RU\TPU\subj\73387  |9 86419 
610 1 |a математика 
610 1 |a случайные величины 
610 1 |a распределение 
610 1 |a дисперсионный анализ 
610 1 |a регрессионный анализ 
610 1 |a корреляционный анализ 
610 1 |a планирование эксперимента 
610 1 |a библиотека А. Г. Стромберга 
675 |a 543:51  |v 3 
700 1 |a Налимов  |b В. В.  |g Василий Васильевич 
801 1 |a RU  |b 63413507  |c 20020416  |g PSBO 
801 2 |a RU  |b 63413507  |c 20210531  |g PSBO 
942 |c BK